Home Print Resources E-Books E-Journals IIMT Lecture Series Library Membership Form Book Recommendation Form Campus Tour Take AdmissionAbout Us Contact Us

DYNAMICS OF ENTERPRENURESHIP DEVELOPMENT (Record no. 1063)

000 -LEADER
fixed length control field 00396nam a2200157Ia 4500
003 - CONTROL NUMBER IDENTIFIER
control field OSt
005 - DATE AND TIME OF LATEST TRANSACTION
control field 20240306161639.0
008 - FIXED-LENGTH DATA ELEMENTS--GENERAL INFORMATION
fixed length control field 170523s9999 xx 000 0 und d
020 ## - INTERNATIONAL STANDARD BOOK NUMBER
International Standard Book Number 978-9350244548
040 ## - CATALOGING SOURCE
Transcribing agency IIMT UNIVERSITY, MEERUT
100 ## - MAIN ENTRY--PERSONAL NAME
Personal name DESAI- VASANT
245 #0 - TITLE STATEMENT
Title DYNAMICS OF ENTERPRENURESHIP DEVELOPMENT
260 ## - PUBLICATION, DISTRIBUTION, ETC.
Date of publication, distribution, etc. 2002
Name of publisher, distributor, etc. HIMALAYA PUBLICATION
300 ## - PHYSICAL DESCRIPTION
Extent 703
942 ## - ADDED ENTRY ELEMENTS (KOHA)
Source of classification or shelving scheme
Koha item type Book Bank
Holdings
Withdrawn status Lost status Source of classification or shelving scheme Damaged status Not for loan Home library Current library Date acquired Barcode Date last seen Price effective from Koha item type Public note Total Checkouts Date last checked out
          IIMT University Central Library Meerut IIMT University Central Library Meerut 05/31/2017 01-B-4736 05/31/2017 05/31/2017 Book Cost Paid Write off (Book cost paid to Account Department) in old SAMS data    
          IIMT University Central Library Meerut IIMT University Central Library Meerut 05/31/2017 01-B-4737 05/31/2017 05/31/2017 Book Bank      
          IIMT University Central Library Meerut IIMT University Central Library Meerut 05/31/2017 01-B-4738 05/31/2017 05/31/2017 Book Bank      
          IIMT University Central Library Meerut IIMT University Central Library Meerut 05/31/2017 01-B-4739 05/31/2017 05/31/2017 Book Bank      
          IIMT University Central Library Meerut IIMT University Central Library Meerut 05/31/2017 01-B-4740 01/14/2019 05/31/2017 Book Bank      
          IIMT University Central Library Meerut IIMT University Central Library Meerut 05/31/2017 01-B-4741 10/27/2020 05/31/2017 Book Bank   1 09/12/2018
          IIMT University Central Library Meerut IIMT University Central Library Meerut 05/31/2017 01-B-4742 05/31/2017 05/31/2017 Book Bank      
          IIMT University Central Library Meerut IIMT University Central Library Meerut 05/31/2017 01-B-4743 05/31/2017 05/31/2017 Book Bank      
          IIMT University Central Library Meerut IIMT University Central Library Meerut 05/31/2017 01-B-4744 05/31/2017 05/31/2017 Book Bank      
          IIMT University Central Library Meerut IIMT University Central Library Meerut 05/31/2017 01-B-4745 05/31/2017 05/31/2017 Book Bank      
IIMT, Central Library. All Rights Reserved IIMT,UNIVERSITY © 2023
Implemented and Customised by I CLOUDE EMS
You Are OPAC Visitor No
free web counter

Powered by Koha